Gaudint Bach : 23 de juliol del 2018 23 de juliol del 2018
Descripción Física:
1 díptic ; il. col. ; 21 cm
Materias:
Palau Güell (Barcelona) -- Activitats culturals
; Concerts (Execució musical) -- Programes
; Concerts (Orgue)
Idioma:
Catalán
MARC
| LEADER | 00000nam a22000007a 4500 | ||
|---|---|---|---|
| 001 | 27799 | ||
| 003 | Arxiu | ||
| 005 | 20260324181514.0 | ||
| 008 | 230508b spa||||| |||| 00| 0 cat d | ||
| 017 | |a B 20720-2018 | ||
| 040 | |a agdb |b cat | ||
| 110 | 2 | |9 17034 |a Palau Güell (Barcelona) | |
| 245 | |a Gaudint Bach : |b 23 de juliol del 2018 | ||
| 260 | |a Barcelona : |b Palau Güell : |b Diputació de Barcelona ; |c 2018 | ||
| 300 | |a 1 díptic ; |b il. col. ; |c 21 cm | ||
| 500 | |a Concert itinerari dut a terme al Palau Güell. | ||
| 610 | 2 | 0 | |9 52964 |a Palau Güell (Barcelona) |x Activitats culturals |
| 650 | 0 | |2 Arxiu |9 43539 |a Concerts (Execució musical) |x Programes | |
| 650 | 0 | |9 49548 |a Concerts (Orgue) | |
| 700 | |9 56326 |a Harris, Michael |e organista | ||
| 700 | |9 56327 |a Tinney, Carine |e soprano | ||
| 942 | |2 udc |c ARXIU |n 1 | ||
| 952 | |0 0 |1 0 |2 udc |4 0 |6 FU7540 |7 1 |9 66256 |a Arxiu |b Arxiu |d 2023-05-08 |l 0 |o FU-75-40 |p 27799 |r 2023-05-08 00:00:00 |w 2023-05-08 |y ARXIU | ||
| 999 | |c 83396 |d 83396 | ||